000 00250nam a2200109Ia 4500
008 220204s9999 xx 000 0 und d
082 _a336.71
_bPAR
100 _aPARKER, J B
245 0 _aBanking
260 _aLondon
_bRichard Clay
_c1970
942 _cBK
999 _c24208
_d24208